Statistics for History by Letter - R

Click here to take the quiz!

General Stats

  • This quiz has been taken 39,846 times
  • The average score is 11 of 20

Answer Stats

Hint Answer % Correct
Country that neither Napoleon
nor Hitler could conquer
Russia
96%
Last name of two U.S. PresidentsRoosevelt
86%
Cultural "rebirth" that started in
14th century Italy
Renaissance
85%
Probably the most important city
in Western History
Rome
80%
Where Hutus slaughtered
Tutsis in 1994
Rwanda
74%
Dutch Golden Age painterRembrandt
64%
Former name of ZimbabweRhodesia
59%
Capital of the Confederacy during
the U.S. Civil War
Richmond
54%
Oil baron and first dollar billionaireJohn D. Rockefeller
51%
U.S. Supreme Court decision that
legalized abortion
Roe v. Wade
50%
German parliamentary building
burned in 1933
Reichstag
48%
"Great" pharaoh also known
as Ozymandias
Ramesses II
45%
He broke baseball's color barrierJackie Robinson
41%
Caesar said "The Die is Cast" when
he crossed this river into Italy
Rubicon
41%
Term for the British rule of IndiaBritish {Raj}
40%
International Jewish banking familyRothschild
40%
Explorer and court favorite of
Queen Elizabeth
Sir Walter Raleigh
40%
King who restored Scottish
independence in 1328
Robert the Bruce
38%
Louis XIII's chief advisorCardinal {Richelieu}
37%
Enemies of the Cavaliers during
the English Civil War
Roundheads
29%

Score Distribution

Percentile by Number Answered

Percent of People with Each Score

Your Score History

You have not taken this quiz